| 000 | 00359nam a2200145Ia 4500 | ||
|---|---|---|---|
| 008 | 150301s2013 xx 000 0 und d | ||
| 082 |
_a611 _bH13C |
||
| 100 | _aCHAURASIA, B.D. | ||
| 245 | _aHUMAN ANATOMY : LOWER LIMB , ABDOMEN AND PELVIS | ||
| 250 | _a6TH | ||
| 260 |
_bCBS _aDELHI _c2013 |
||
| 300 | _a463 | ||
| 650 | _aHUMAN ANATOMY | ||
| 942 |
_2ddc _cBK _026 |
||
| 999 |
_c6632 _d6632 |
||